Statistics for United Arab Emirates Immigration by Country

Click here to take the quiz!

General Stats

  • This quiz has been taken 372 times
  • The average score is 14 of 20

Answer Stats

# PeopleCountry of Origin% Correct
3,310,419India
97%
950,145Pakistan
93%
1,044,505Bangladesh
86%
857,947Egypt
85%
27,840United Kingdom
85%
50,463Syria
84%
196,095Yemen
81%
36,417Turkey
79%
538,590Philippines
74%
304,044Indonesia
74%
161,143Jordan
73%
114,911Sri Lanka
70%
39,972Lebanon
69%
17,302France
67%
127,057Sudan
62%
26,595Nepal
57%
64,398Kuwait
55%
14,971Nigeria
44%
18,440Eritrea
31%
15,186South Sudan
27%

Score Distribution

Percentile by Number Answered

Percent of People with Each Score

Your Score History

You have not taken this quiz